000 00478nam a2200181Ia 4500
003 GCL
008 140319s9999 xx 000 0 ara d
040 _aGCL /
_cGCL
082 0 4 _a810.9
_bز ز
100 1 _aزكى مبارك
245 1 0 _aزكي مبارك وهؤلاء /
_cزكى مبارك
260 _a[S.N] :
_bدار الجيل ،
_c1991
300 _a231 ص
490 _a
650 0 4 _aالادب العربى
650 0 4 _aتاريخ ونقد
942 _2ddc
_cBK
999 _c54399
_d54399